Teoretické základy princípu Heckscher-Ohlinovej teórie medzinárodného obchodu

Rozdielnosť krajín vo vybavenosti výrobnými faktormi je príčinou medzinárodného obchodu. Základné výrobné faktory, ktoré vplývajú na medzinárodný obchod krajiny. Neoklasické teórie a Heckscher-Ohlinova teória medzinárodného obchodu.

Saved in:
Bibliographic Details
Main Author: Jánošová, Miroslava
Format: Book Chapter
Language:Slovak
Subjects:
Tags: Add Tag
No Tags, Be the first to tag this record!

MARC

LEADER 00000nla a2200000 4500
001 0180792
005 20240502073106.2
041 0 |a slo 
044 |a SK 
245 1 0 |a Teoretické základy princípu Heckscher-Ohlinovej teórie medzinárodného obchodu  |c Miroslava Jánošová 
520 |a Rozdielnosť krajín vo vybavenosti výrobnými faktormi je príčinou medzinárodného obchodu. Základné výrobné faktory, ktoré vplývajú na medzinárodný obchod krajiny. Neoklasické teórie a Heckscher-Ohlinova teória medzinárodného obchodu. 
610 2 0 |a obchod medzinárodný 
610 2 0 |a teória obchodu 
610 2 0 |a faktory výrobné 
610 2 0 |a vybavenosť technická 
610 2 0 |a práca 
610 2 0 |a pôda 
610 2 0 |a kapitál 
100 1 |a Jánošová, Miroslava